[Event "World Rapid 2015"]
[Site "Berlin GER"]
[Date "2015.10.10"]
[Round "1.48"]
[White "Korobov, Anton"]
[Black "Hasangatin, Ramil"]
[Result "1-0"]
[WhiteElo "2700"]
[BlackElo "2509"]
[PlyCount "92"]
[EventDate "2015.10.10"]
[EventType "rapid"]

1. d4 d6 2. Nf3 Bg4 3. e4 Nf6 4. Nc3 d5 5. h3 Bxf3 6. Qxf3 dxe4 7. Nxe4 Nxe4 8.
Qxe4 c6 9. Bc4 e6 10. O-O Nd7 11. c3 Nf6 12. Qe2 Be7 13. a4 O-O 14. a5 Qc7 15.
Bg5 Nd5 16. Bd2 Bd6 17. Rfd1 Bf4 18. Be1 Rfe8 19. Qf3 g6 20. Bb3 Rad8 21. c4
Ne7 22. Bc3 Nf5 23. Bc2 Bh6 24. d5 cxd5 25. cxd5 Qf4 26. dxe6 Qxf3 27. exf7+
Kxf7 28. gxf3 Bg5 29. Be4 Nd6 30. Bd5+ Kf8 31. Bb4 Be7 32. Bc5 a6 33. b4 Kg7
34. Rac1 Rd7 35. Be6 Rdd8 36. Bb6 Ra8 37. Rc7 Kf6 38. Bd7 Nb5 39. Rxb7 Reb8 40.
Rxb8 Rxb8 41. Bxb5 axb5 42. Rd5 Bxb4 43. Rxb5 Bd6 44. Bd4+ Ke6 45. Rxb8 Bxb8
46. a6 Kd5 1-0

[Event "World Rapid 2015"]
[Site "Berlin GER"]
[Date "2015.10.10"]
[Round "1.49"]
[White "Seel, Christian"]
[Black "Khairullin, Ildar"]
[Result "0-1"]
[WhiteElo "2474"]
[BlackElo "2652"]
[PlyCount "52"]
[EventDate "2015.10.10"]
[EventType "rapid"]

1. Nf3 c5 2. c4 Nf6 3. Nc3 Nc6 4. g3 d5 5. d4 e6 6. cxd5 Nxd5 7. Bg2 Be7 8. O-O
O-O 9. Nxd5 exd5 10. dxc5 Bxc5 11. Bg5 Qd7 12. Rc1 Bb6 13. Qd3 Re8 14. Rfd1 d4
15. Bf4 h6 16. Nd2 g5 17. Ne4 Rxe4 18. Qxe4 gxf4 19. Qxf4 Qe6 20. a3 Kg7 21. e3
dxe3 22. Rd6 exf2+ 23. Kf1 Qe3 24. Qf6+ Kg8 25. Rcd1 Bg4 26. Bd5 Qe2+ 0-1

[Event "World Rapid 2015"]
[Site "Berlin GER"]
[Date "2015.10.10"]
[Round "1.51"]
[White "Ladva, Ottomar"]
[Black "Onischuk, Alexander"]
[Result "0-1"]
[WhiteElo "2423"]
[BlackElo "2662"]
[PlyCount "64"]
[EventDate "2015.10.10"]
[EventType "rapid"]

1. d4 Nf6 2. c4 e6 3. Nc3 Bb4 4. e3 O-O 5. Nge2 d5 6. a3 Be7 7. cxd5 exd5 8.
Nf4 c6 9. Bd3 Bd6 10. O-O Re8 11. f3 Bxf4 12. exf4 b6 13. f5 c5 14. Bg5 cxd4
15. Nb5 Nc6 16. Rc1 Bb7 17. Bb1 Ba6 18. Qa4 Bxb5 19. Qxb5 Ne5 20. Qb4 Nc4 21.
b3 a5 22. Qa4 b5 23. Qxb5 Nxa3 24. Qd3 Qb6 25. Rfd1 h6 26. Bxf6 Qxf6 27. Qd2
Nxb1 28. Rxb1 Re3 29. Ra1 Rae8 30. Rxa5 d3 31. Rxd5 Qb6 32. Kh1 Qxb3 0-1

[Event "World Rapid 2015"]
[Site "Berlin GER"]
[Date "2015.10.10"]
[Round "1.53"]
[White "Wagner, Dennis"]
[Black "Zvjaginsev, Vadim"]
[Result "1-0"]
[WhiteElo "2575"]
[BlackElo "2660"]
[PlyCount "91"]
[EventDate "2015.10.10"]
[EventType "rapid"]

1. d4 Nf6 2. c4 e6 3. Nf3 d5 4. g3 c5 5. Bg2 Be7 6. cxd5 exd5 7. O-O O-O 8.
dxc5 Bxc5 9. a3 Nc6 10. b4 Be7 11. Nc3 Be6 12. Bb2 Qd7 13. Rc1 Rfd8 14. Nb5 a5
15. bxa5 Rxa5 16. a4 Bh3 17. Ne5 Nxe5 18. Bxe5 Bxg2 19. Kxg2 Rda8 20. Rc7 Qe6
21. Bxf6 Bxf6 22. Rxb7 h5 23. Qb3 h4 24. Rd1 h3+ 25. Kf1 Qe4 26. f3 Qxa4 27.
Qxd5 Rf8 28. Rb1 Qc2 29. Qd1 Qc6 30. Qd7 Qc2 31. Nd6 Rd5 32. Re1 Qd2 33. Rb6
Bd4 34. Rb8 Rxb8 35. Qxf7+ Kh8 36. Qxd5 Qe3 37. Nf7+ Kh7 38. Ng5+ Kh8 39. Nxh3
Rf8 40. Kg2 Qd2 41. Qh5+ Kg8 42. Ng5 Qc2 43. h4 Bc3 44. Rc1 Qxe2+ 45. Kh3 Qd3
46. Rxc3 1-0

[Event "World Rapid 2015"]
[Site "Berlin GER"]
[Date "2015.10.10"]
[Round "1.54"]
[White "Ivanisevic, Ivan"]
[Black "Petursson, Margeir"]
[Result "1-0"]
[WhiteElo "2653"]
[BlackElo "2520"]
[PlyCount "49"]
[EventDate "2015.10.10"]
[EventType "rapid"]

1. d4 d5 2. c4 c6 3. Nf3 Nf6 4. g3 Bf5 5. Nc3 e6 6. Nh4 Be4 7. f3 Bg6 8. Qb3
Qc8 9. e4 dxe4 10. Nxg6 hxg6 11. fxe4 e5 12. dxe5 Ng4 13. e6 Qxe6 14. Qxb7 Bd6
15. Qxa8 Nxh2 16. Rxh2 Rxh2 17. Bf4 Bxf4 18. gxf4 Qd6 19. Rd1 Qxf4 20. Ne2 Qc7
21. Rd3 Ke7 22. Ra3 a6 23. Rb3 Qa5+ 24. Kd1 Rf2 25. Qa7+ 1-0

[Event "World Rapid 2015"]
[Site "Berlin GER"]
[Date "2015.10.10"]
[Round "1.55"]
[White "Hirneise, Tobias"]
[Black "Kovalev, Vladislav"]
[Result "1/2-1/2"]
[WhiteElo "2457"]
[BlackElo "2546"]
[PlyCount "74"]
[EventDate "2015.10.10"]
[EventType "rapid"]

1. e4 e5 2. Nf3 Nc6 3. Bb5 a6 4. Ba4 Nf6 5. O-O Be7 6. Re1 b5 7. Bb3 d6 8. c3
O-O 9. h3 Nd7 10. d4 Bf6 11. d5 Ne7 12. a4 Rb8 13. axb5 axb5 14. Na3 Ng6 15.
Bd2 Nf4 16. Bc2 g6 17. Bxf4 exf4 18. Qd2 Bg7 19. Nd4 Ne5 20. Qxf4 b4 21. Nab5
Bd7 22. Na7 bxc3 23. bxc3 Rb2 24. Reb1 Rxb1+ 25. Rxb1 Qa8 26. Nab5 Qa5 27. Qc1
Ra8 28. Qb2 Bxb5 29. Nxb5 Nc4 30. Qb4 Qxb4 31. Rxb4 Nd2 32. g3 Ra1+ 33. Kg2 Rc1
34. Rb2 Re1 35. Rb4 Rc1 36. Rb2 Re1 37. Rb4 Rc1 1/2-1/2

[Event "World Rapid 2015"]
[Site "Berlin GER"]
[Date "2015.10.10"]
[Round "1.56"]
[White "Safarli, Eltaj"]
[Black "Krnan, Tomas"]
[Result "1-0"]
[WhiteElo "2657"]
[BlackElo "2440"]
[PlyCount "45"]
[EventDate "2015.10.10"]
[EventType "rapid"]

1. e4 e5 2. Nc3 Nf6 3. g3 Nc6 4. Bg2 Bc5 5. Nge2 a6 6. d3 O-O 7. O-O d6 8. h3
b5 9. a4 b4 10. Nd5 Nxd5 11. exd5 Nd4 12. Be3 Rb8 13. Nc1 f5 14. c3 bxc3 15.
bxc3 Nb3 16. Nxb3 Bxe3 17. fxe3 Qg5 18. Rf3 e4 19. dxe4 fxe4 20. Rxf8+ Kxf8 21.
Kh2 Qxe3 22. Qh5 g6 23. Qxh7 1-0

[Event "World Rapid 2015"]
[Site "Berlin GER"]
[Date "2015.10.10"]
[Round "1.57"]
[White "Thiede, Lars"]
[Black "Seirawan, Yasser"]
[Result "0-1"]
[WhiteElo "2437"]
[BlackElo "2620"]
[PlyCount "108"]
[EventDate "2015.10.10"]
[EventType "rapid"]

1. c4 e5 2. g3 Nc6 3. Bg2 g6 4. Nc3 Bg7 5. Nf3 Nge7 6. O-O O-O 7. Rb1 d6 8. b4
a6 9. d3 Rb8 10. a4 a5 11. b5 Nb4 12. Bg5 f6 13. Bd2 c5 14. Ne1 b6 15. Nc2 Be6
16. Ne3 f5 17. Ned5 Nexd5 18. Nxd5 Bxd5 19. cxd5 h5 20. Rc1 Kh7 21. Rc4 Qe7 22.
Bc1 Qf7 23. e4 f4 24. Bh3 Bh6 25. Be6 Qf6 26. f3 fxg3 27. hxg3 Bxc1 28. Qxc1 h4
29. Kg2 Kg7 30. Qe3 hxg3 31. Rh1 Rh8 32. Rcc1 Qf4 33. Qe2 Rxh1 34. Rxh1 Rh8 35.
Rxh8 Kxh8 36. Bg4 Kg7 37. Be6 Qh4 38. Bh3 Kf6 39. Qd2 Qf4 40. Qe2 Kg5 41. Bg4
Kh4 42. Qd1 Kg5 43. Qe2 Qc1 44. Kxg3 Nc2 45. Qf2 Qe1 46. Be6 Qxf2+ 47. Kxf2 Kf4
48. Bf7 g5 49. Bh5 Nb4 50. Ke2 Kg3 51. Bg4 Nc2 52. Kd2 Nd4 53. Ke3 Kg2 54. Bh5
Kf1 0-1

[Event "World Rapid 2015"]
[Site "Berlin GER"]
[Date "2015.10.10"]
[Round "1.58"]
[White "Bachmann, Axel"]
[Black "Gutov, Andrey"]
[Result "1-0"]
[WhiteElo "2593"]
[BlackElo "2384"]
[PlyCount "92"]
[EventDate "2015.10.10"]
[EventType "rapid"]

1. Nf3 Nf6 2. c4 e6 3. d4 d5 4. g3 dxc4 5. Qa4+ Nbd7 6. Qxc4 a6 7. Bg2 b5 8.
Qc6 Rb8 9. Bf4 Nd5 10. Bg5 Be7 11. Bxe7 Qxe7 12. O-O Bb7 13. Qc2 c5 14. Nc3
Nxc3 15. Qxc3 O-O 16. dxc5 Qxc5 17. Rac1 Rfc8 18. Qd2 Qd5 19. Qa5 Nf6 20. Ne1
Qd7 21. Nd3 Bxg2 22. Kxg2 Qb7+ 23. Kg1 Ne4 24. Nb4 Nc5 25. Rxc5 Rxc5 26. Nxa6
Qa8 27. b4 Rcc8 28. Nxb8 Rxb8 29. Rd1 g6 30. Qc7 Rc8 31. Qd7 Rc2 32. Qxb5 Rxa2
33. Qe5 Rc2 34. b5 Rc8 35. b6 Qa4 36. Rb1 Qc2 37. Qb2 Qe4 38. b7 Rb8 39. h4 h6
40. Qb6 Kh7 41. Qb4 Qc2 42. Rb2 Qc1+ 43. Kh2 h5 44. Qf4 Qxb2 45. Qxb8 Qb6 46.
e3 Qc6 1-0

[Event "World Rapid 2015"]
[Site "Berlin GER"]
[Date "2015.10.10"]
[Round "1.59"]
[White "Abel, Dennes"]
[Black "Petrosian, Tigran L"]
[Result "0-1"]
[WhiteElo "2441"]
[BlackElo "2625"]
[PlyCount "52"]
[EventDate "2015.10.10"]
[EventType "rapid"]

1. d4 d5 2. Nf3 c6 3. c4 Nf6 4. Nc3 dxc4 5. a4 Bf5 6. Nh4 e6 7. Nxf5 exf5 8. e3
Bb4 9. Bxc4 O-O 10. O-O Nbd7 11. Qc2 g6 12. Bd2 Qe7 13. Rfe1 Rac8 14. Rad1 Rfe8
15. Qb3 a5 16. g3 Kg7 17. Bf1 h5 18. Bg2 h4 19. Na2 Bxd2 20. Rxd2 hxg3 21. hxg3
Ne4 22. Bxe4 fxe4 23. Nc3 Rh8 24. Kg2 Nf6 25. Rdd1 Qd7 26. Rh1 Qg4 0-1

[Event "World Rapid 2015"]
[Site "Berlin GER"]
[Date "2015.10.10"]
[Round "1.60"]
[White "Socko, Bartosz"]
[Black "Carow, Johannes"]
[Result "1-0"]
[WhiteElo "2599"]
[BlackElo "2431"]
[PlyCount "109"]
[EventDate "2015.10.10"]
[EventType "rapid"]

1. e4 c5 2. Nf3 e6 3. d4 cxd4 4. Nxd4 a6 5. Bd3 Nf6 6. c4 d6 7. Nc3 g6 8. O-O
Bg7 9. Be3 O-O 10. h3 Nc6 11. Nxc6 bxc6 12. Bc2 d5 13. Ba4 Bd7 14. e5 Ne8 15.
Bc5 Bxe5 16. Bxf8 Kxf8 17. Re1 Bg7 18. Qe2 Nd6 19. cxd5 cxd5 20. Bxd7 Qxd7 21.
Rac1 Nf5 22. Qd3 a5 23. b3 Qd6 24. Na4 Qf4 25. Nc5 Bd4 26. Rc2 Kg8 27. Qe2 h5
28. Nd3 Qg5 29. Kh1 Nh4 30. Rg1 Qf6 31. Rgc1 Qg5 32. Ne1 Kg7 33. Rc7 Be5 34.
Rc8 Rxc8 35. Rxc8 Bf6 36. g3 Nf5 37. Kg2 Nd4 38. Qe3 Qf5 39. Qd3 Qe5 40. Nf3
Nxf3 41. Qxf3 Qb2 42. a4 Qd2 43. Rc7 Qb4 44. Qe3 Kg8 45. Rc8+ Kg7 46. Qc5 Qe4+
47. Kh2 Bd4 48. Qf8+ Kf6 49. Rc7 g5 50. Rxf7+ Kg6 51. Qg8+ Kh6 52. Re7 Bf6 53.
Rxe6 Qf3 54. Kg1 d4 55. Qf7 1-0

[Event "World Rapid 2015"]
[Site "Berlin GER"]
[Date "2015.10.10"]
[Round "1.61"]
[White "Polzin, Rainer"]
[Black "Van Wely, Loek"]
[Result "1/2-1/2"]
[WhiteElo "2416"]
[BlackElo "2632"]
[PlyCount "145"]
[EventDate "2015.10.10"]
[EventType "rapid"]

1. e4 c5 2. Nf3 e6 3. d4 cxd4 4. Nxd4 a6 5. Nc3 Qc7 6. Be2 Nf6 7. O-O d6 8. a4
Nc6 9. Be3 Be7 10. f4 O-O 11. Kh1 Re8 12. Bf3 Bf8 13. Nb3 b6 14. a5 bxa5 15. e5
dxe5 16. fxe5 Rd8 17. Bd2 Nd5 18. Nxd5 exd5 19. Nd4 Be6 20. Nxc6 Qxc6 21. Bxa5
Rdc8 22. Bc3 a5 23. Rxa5 Rxa5 24. Bxa5 Qxc2 25. Qxc2 Rxc2 26. Bc3 Bc5 27. Rd1
g5 28. h3 d4 29. Bxd4 Bxd4 30. Rxd4 Rxb2 31. Bg4 Rb5 32. Bxe6 fxe6 33. Re4 h5
34. Kg1 Kf7 35. Kf2 Kg6 36. g4 h4 37. Kf3 Kf7 38. Re3 Ke7 39. Ke4 Rb4+ 40. Kf3
Rf4+ 41. Kg2 Rd4 42. Kf3 Kd7 43. Rc3 Ra4 44. Rd3+ Ke7 45. Rb3 Rf4+ 46. Ke3 Rf1
47. Kd4 Rd1+ 48. Ke4 Rh1 49. Kd4 Kd7 50. Rc3 Ra1 51. Ke4 Ra4+ 52. Ke3 Ra6 53.
Kd4 Ra7 54. Ke4 Rc7 55. Rd3+ Ke7 56. Rb3 Rc4+ 57. Ke3 Kd7 58. Rd3+ Kc7 59. Kf3
Kb6 60. Rd8 Rc3+ 61. Ke4 Kc7 62. Rg8 Rxh3 63. Rxg5 Rh1 64. Rh5 h3 65. Kf3 Kc6
66. Kg3 Kd5 67. Rxh3 Rxh3+ 68. Kxh3 Kxe5 69. Kg3 Kf6 70. Kf4 e5+ 71. Ke4 Kg5
72. Kxe5 Kxg4 73. Ke4 1/2-1/2

[Event "World Rapid 2015"]
[Site "Berlin GER"]
[Date "2015.10.10"]
[Round "1.62"]
[White "Ganguly, Surya Shekhar"]
[Black "Przybylski, Wojciech"]
[Result "0-1"]
[WhiteElo "2652"]
[BlackElo "2354"]
[PlyCount "118"]
[EventDate "2015.10.10"]
[EventType "rapid"]

1. e4 e5 2. Nf3 Nf6 3. Nxe5 d6 4. Nf3 Nxe4 5. Qe2 Qe7 6. d3 Nf6 7. Nc3 c6 8.
Ne4 Nxe4 9. dxe4 Bg4 10. Qe3 Nd7 11. Nd4 g6 12. h3 Be6 13. Bd2 Bg7 14. Bc3 O-O
15. Be2 Nc5 16. Nxe6 Qxe6 17. Bxg7 Kxg7 18. f3 f5 19. b4 Qe5 20. O-O Ne6 21.
Rad1 d5 22. Bd3 fxe4 23. fxe4 d4 24. Qd2 Rxf1+ 25. Rxf1 Rf8 26. Rxf8 Nxf8 27.
Qf2 Nd7 28. g3 g5 29. Kg2 Nf6 30. a3 b6 31. Qf5 Qxf5 32. exf5 Kf7 33. Kf3 Ke7
34. Bc4 Kd6 35. h4 h6 36. Be6 Ke5 37. Bc8 Kd5 38. Ke2 Ne4 39. Kf3 Nf6 40. Ke2
c5 41. bxc5 bxc5 42. Be6+ Ke4 43. hxg5 hxg5 44. Bc8 c4 45. Be6 d3+ 46. Kd2 Kd4
47. c3+ Kc5 48. Ke3 Ne4 49. Bd7 Nxc3 50. Be6 Ne4 51. Bd7 Nf6 52. Be6 a5 53. Bf7
Ng4+ 54. Kd2 Kd4 55. Bh5 c3+ 56. Kc1 Nf6 57. Bf3 Ke5 58. g4 Kf4 59. Bc6 Nxg4
0-1

[Event "World Rapid 2015"]
[Site "Berlin GER"]
[Date "2015.10.10"]
[Round "1.63"]
[White "Hilverda, Alexander"]
[Black "Salem, A.R. Saleh"]
[Result "0-1"]
[WhiteElo "2384"]
[BlackElo "2624"]
[PlyCount "40"]
[EventDate "2015.10.10"]
[EventType "rapid"]

1. d4 Nf6 2. c4 g6 3. Nc3 d5 4. Nf3 Bg7 5. Qb3 dxc4 6. Qxc4 O-O 7. e4 a6 8. Be2
b5 9. Qb3 c5 10. dxc5 Bb7 11. e5 Nfd7 12. Be3 e6 13. a4 Qa5 14. O-O b4 15. Na2
Nc6 16. Rac1 Ndxe5 17. Nxe5 Bxe5 18. Bf3 Rab8 19. Rfd1 Qc7 20. g3 Na5 0-1

[Event "World Rapid 2015"]
[Site "Berlin GER"]
[Date "2015.10.10"]
[Round "1.64"]
[White "Sasikiran, Krishnan"]
[Black "Breutigam, Martin"]
[Result "1-0"]
[WhiteElo "2639"]
[BlackElo "2380"]
[PlyCount "119"]
[EventDate "2015.10.10"]
[EventType "rapid"]

1. d4 d5 2. c4 c5 3. cxd5 Nf6 4. Nf3 cxd4 5. Qxd4 Qxd5 6. Nc3 Qxd4 7. Nxd4 a6
8. g3 e5 9. Nc2 Bd7 10. Bg2 Bc6 11. O-O Bxg2 12. Kxg2 Nbd7 13. Rd1 Rc8 14. Bg5
Bc5 15. Ne3 O-O 16. Ned5 Nxd5 17. Nxd5 f6 18. Be3 Rfe8 19. Rac1 Kf7 20. Nxf6
Kxf6 21. Rxd7 Bxe3 22. Rxc8 Rxc8 23. fxe3 Rc2 24. Rxb7 Rxe2+ 25. Kf3 Rxh2 26.
a4 a5 27. Ke4 Rg2 28. Rb6+ Kg5 29. Kf3 Rc2 30. Rb5 Kf5 31. g4+ Kf6 32. b3 Rb2
33. Ke4 Rg2 34. Kf3 Rb2 35. Rb6+ Kg5 36. Re6 Rxb3 37. Rxe5+ Kf6 38. Rxa5 Ra3
39. Kf4 g5+ 40. Ke4 Kg6 41. Ra6+ Kg7 42. Kd4 Kf7 43. Ke4 Kg7 44. a5 Kf7 45. Ra8
h6 46. a6 Ra4+ 47. Kf3 Kf6 48. a7 Kg7 49. e4 Ra3+ 50. Ke2 Ra2+ 51. Ke3 Ra3+ 52.
Kd2 Ra2+ 53. Ke3 Ra3+ 54. Kd4 Ra4+ 55. Ke5 Ra5+ 56. Kd6 Ra6+ 57. Kd7 Ra1 58. e5
Rd1+ 59. Ke6 Ra1 60. Rd8 1-0

[Event "World Rapid 2015"]
[Site "Berlin GER"]
[Date "2015.10.10"]
[Round "1.65"]
[White "Bruedigam, Martin"]
[Black "Ponkratov, Pavel"]
[Result "0-1"]
[WhiteElo "2375"]
[BlackElo "2604"]
[PlyCount "107"]
[EventDate "2015.10.10"]
[EventType "rapid"]

1. e4 e5 2. Nf3 Nc6 3. Bc4 Nf6 4. Ng5 d5 5. exd5 Na5 6. Bb5+ c6 7. dxc6 bxc6 8.
Bd3 Ng4 9. Ne4 f5 10. Be2 Nh6 11. Ng3 Nf7 12. O-O c5 13. Bb5+ Ke7 14. d4 cxd4
15. b4 Nb7 16. Re1 Qb6 17. a4 g6 18. c3 Bg7 19. Na3 Rd8 20. a5 Qc7 21. cxd4 Kf8
22. d5 a6 23. Bc6 Bd7 24. Be3 Bxc6 25. Bb6 Qe7 26. Bxd8 Rxd8 27. Qe2 Bxd5 28.
Qxa6 Qxb4 29. Nc2 Qd6 30. Qxd6+ Nbxd6 31. Nb4 Ba8 32. Ne2 f4 33. Rac1 f3 34.
gxf3 Ng5 35. Red1 Nxf3+ 36. Kf1 Nxh2+ 37. Ke1 Nf3+ 38. Kf1 Bh6 39. Rxd6 Rxd6
40. Rc8+ Kg7 41. Rxa8 Bd2 42. Nc2 Rc6 43. Ne3 h5 44. Kg2 Nd4 45. Ng3 Ne6 46. a6
Bxe3 47. fxe3 Rc2+ 48. Kg1 Ng5 49. a7 Ra2 50. Ne2 Ne4 51. Nc1 Ra3 52. Nd3 h4
53. Nxe5 Ra2 54. Nf3 0-1

[Event "World Rapid 2015"]
[Site "Berlin GER"]
[Date "2015.10.10"]
[Round "1.66"]
[White "Motylev, Alexander"]
[Black "Valdes Romero, Leonardo"]
[Result "1-0"]
[WhiteElo "2649"]
[BlackElo "2362"]
[PlyCount "59"]
[EventDate "2015.10.10"]
[EventType "rapid"]

1. e4 d6 2. d4 Nf6 3. Nc3 g6 4. Bg5 Bg7 5. Qd2 c6 6. O-O-O O-O 7. Bh6 b5 8. f3
Qa5 9. Kb1 Bxh6 10. Qxh6 Be6 11. e5 dxe5 12. dxe5 Nfd7 13. Nh3 Bxh3 14. Ne4 Rd8
15. Qxh3 Nxe5 16. Be2 Na6 17. Ng5 h5 18. g4 Rxd1+ 19. Bxd1 Rd8 20. a3 Qd2 21.
Ne4 hxg4 22. Qh4 Qxd1+ 23. Rxd1 Rxd1+ 24. Ka2 f6 25. fxg4 Kg7 26. g5 f5 27. Nc3
Rd6 28. Qe1 Re6 29. Qe3 b4 30. Ne2 1-0

[Event "World Rapid 2015"]
[Site "Berlin GER"]
[Date "2015.10.10"]
[Round "1.67"]
[White "Camacho Collados, Jose"]
[Black "Bologan, Viktor"]
[Result "0-1"]
[WhiteElo "2383"]
[BlackElo "2607"]
[PlyCount "76"]
[EventDate "2015.10.10"]
[EventType "rapid"]

1. Nf3 Nf6 2. g3 g6 3. Bg2 Bg7 4. d4 O-O 5. O-O d6 6. a4 c6 7. a5 Na6 8. Re1
Qc7 9. e4 e5 10. c3 Re8 11. Nbd2 b5 12. axb6 axb6 13. h3 Bb7 14. Nc4 exd4 15.
Nxd4 Nc5 16. Rxa8 Bxa8 17. Bf4 Ncxe4 18. Qc2 c5 19. Nb5 Qd8 20. Rd1 d5 21. Nc7
g5 22. Nxe8 Qxe8 23. Nd6 Nxd6 24. Bxd6 Ne4 25. c4 Nxd6 26. Bxd5 Bd4 27. Qd2 h6
28. Re1 Qd8 29. h4 Bxd5 30. cxd5 Nc4 31. Qe2 Qxd5 32. hxg5 Ne5 33. Ra1 hxg5 34.
Qh5 Nd3 35. Kh2 Nxf2 36. Re1 Ne4 37. Qf3 Nf6 38. Qd1 g4 0-1

[Event "World Rapid 2015"]
[Site "Berlin GER"]
[Date "2015.10.10"]
[Round "1.68"]
[White "Kasimdzhanov, Rustam"]
[Black "Carstensen, Jacob"]
[Result "1-0"]
[WhiteElo "2704"]
[BlackElo "2352"]
[PlyCount "64"]
[EventDate "2015.10.10"]
[EventType "rapid"]

1. d4 d5 2. c4 e6 3. Nc3 c6 4. e3 Nf6 5. Nf3 Nbd7 6. Bd3 dxc4 7. Bxc4 b5 8. Bd3
a6 9. a4 b4 10. Ne4 c5 11. O-O Bb7 12. Ned2 Be7 13. a5 O-O 14. Nc4 Qc7 15. h3
Rfd8 16. Qe2 Nd5 17. Nfe5 cxd4 18. Bxh7+ Kxh7 19. Qh5+ Kg8 20. Qxf7+ Kh7 21.
Qg6+ Kg8 22. Qxe6+ Kh7 23. exd4 Nxe5 24. Nxe5 Qc2 25. Qg4 Rf8 26. Qh5+ Kg8 27.
Ng6 Rf5 28. Qh8+ Kf7 29. Qh7 Qe4 30. Bh6 Bf6 31. Rae1 Qc2 32. Ne5+ Kf8 1-0

[Event "World Rapid 2015"]
[Site "Berlin GER"]
[Date "2015.10.10"]
[Round "1.69"]
[White "Berend, Elvira"]
[Black "Bogdanovich, Stanislav"]
[Result "0-1"]
[WhiteElo "2370"]
[BlackElo "2590"]
[PlyCount "122"]
[EventDate "2015.10.10"]
[EventType "rapid"]

1. d4 d5 2. c4 c6 3. e3 Nf6 4. Nc3 e6 5. Nf3 Nbd7 6. Qc2 Bd6 7. Bd3 dxc4 8.
Bxc4 O-O 9. O-O b5 10. Bd3 Bb7 11. a3 a5 12. e4 e5 13. dxe5 Nxe5 14. Nxe5 Bxe5
15. h3 Re8 16. Be3 Bd4 17. Bxd4 Qxd4 18. Ne2 Qb6 19. Rac1 Nd7 20. Ng3 c5 21.
Be2 a4 22. Bg4 Ne5 23. Qxc5 Qxc5 24. Rxc5 b4 25. Be2 Ba6 26. Bxa6 Rxa6 27. Rd1
Ng6 28. axb4 Rb6 29. Rd4 Nf4 30. Rdc4 Nd3 31. Rc8 Kf8 32. Nf5 Nxb2 33. R4c7 g6
34. Nd4 Rxb4 35. Nc2 Rbxe4 36. Rxe8+ Rxe8 37. Rb7 Nd3 38. Ra7 Rc8 39. Na3 Rc1+
40. Kh2 Nc5 41. Nb5 Rd1 42. Rc7 Ne6 43. Ra7 Nc5 44. Rc7 Ne4 45. Rc4 Nxf2 46.
Rxa4 Kg7 47. Ra7 h5 48. Kg3 Ne4+ 49. Kf4 Nf6 50. Kf3 Rd2 51. g3 Rd3+ 52. Kg2
Ne4 53. Ra3 Rd2+ 54. Kg1 Kf6 55. Rf3+ Ke6 56. Nc7+ Ke5 57. g4 Ng5 58. Rb3 hxg4
59. hxg4 Kf4 60. Rb4+ Kg3 61. Kf1 Nf3 0-1

[Event "World Rapid 2015"]
[Site "Berlin GER"]
[Date "2015.10.10"]
[Round "1.70"]
[White "Perunovic, Milos"]
[Black "Carlstedt, Jonathan"]
[Result "1-0"]
[WhiteElo "2622"]
[BlackElo "2442"]
[PlyCount "105"]
[EventDate "2015.10.10"]
[EventType "rapid"]

1. e4 e5 2. Nf3 Nc6 3. Bb5 a6 4. Ba4 Nf6 5. O-O Bc5 6. Nc3 d6 7. d4 exd4 8.
Nxd4 Bd7 9. Nf5 O-O 10. Bg5 Be6 11. Nd5 Bxd5 12. exd5 Ne5 13. b4 Ba7 14. c3 h6
15. Bf4 Ng6 16. Bc1 Nh7 17. Bc2 Qf6 18. Qd3 Rfe8 19. Bd2 Nhf8 20. Rae1 Ne5 21.
Qg3 Nfg6 22. h4 Nc4 23. Bc1 Kh8 24. h5 Nf8 25. Qd3 b5 26. g3 Rxe1 27. Rxe1 g6
28. hxg6 fxg6 29. Nd4 Ne5 30. Rxe5 dxe5 31. Nf3 Kg7 32. Kg2 Re8 33. Qe4 Nh7 34.
c4 bxc4 35. Qxc4 Ng5 36. Bxg5 hxg5 37. Qxc7+ Re7 38. Qc4 e4 39. Nh2 Qxf2+ 40.
Kh3 Qd4 41. Qc6 Bb8 42. Ng4 Rc7 43. Qe6 Kf8 44. Qd6+ Kg7 45. Ne5 g4+ 46. Kh4
Qd2 47. Qxg6+ Kf8 48. Qf6+ Kg8 49. Qe6+ Kf8 50. Qf5+ Ke8 51. Qh5+ Ke7 52. Qf7+
Kd6 53. Qe6# 1-0

[Event "World Rapid 2015"]
[Site "Berlin GER"]
[Date "2015.10.10"]
[Round "1.71"]
[White "Choukri, Adel"]
[Black "Swiercz, Dariusz"]
[Result "0-1"]
[WhiteElo "2199"]
[BlackElo "2620"]
[PlyCount "114"]
[EventDate "2015.10.10"]
[EventType "rapid"]

1. Nf3 Nf6 2. g3 g6 3. Bg2 Bg7 4. O-O O-O 5. d3 c5 6. e4 Nc6 7. c3 d6 8. Re1 e5
9. Na3 Re8 10. Bg5 h6 11. Bxf6 Qxf6 12. Nc4 b5 13. Ne3 Rb8 14. Qd2 Be6 15. Qe2
Qd8 16. Nd2 Qd7 17. a3 Ne7 18. Rad1 a5 19. Nf3 Nc6 20. Nd5 Bxd5 21. exd5 Ne7
22. Nd2 Kh7 23. Ra1 a4 24. Qd1 f5 25. Qc2 Ng8 26. b3 axb3 27. Qxb3 Ra8 28. Rab1
Reb8 29. f4 exf4 30. gxf4 Nf6 31. c4 bxc4 32. Qxc4 Rxb1 33. Nxb1 Ra4 34. Qc1
Nh5 35. Rf1 Qe7 36. Bf3 Nxf4 37. Kh1 Nxd3 38. Qc2 Rd4 39. Qg2 Qe3 40. Qg3 Be5
41. Qg1 Qxg1+ 42. Kxg1 Rh4 43. Nd2 Bxh2+ 44. Kg2 Bf4 45. Nc4 Rh2+ 46. Kg1 Rc2
47. Nb6 Be3+ 48. Kh1 Nf2+ 49. Kg2 Ne4+ 50. Kh3 Ng5+ 51. Kg3 h5 52. Bd1 Rc3 53.
Kg2 c4 54. Nd7 Rxa3 55. Nf6+ Kh6 56. Rh1 Ra2+ 57. Kg3 f4+ 0-1

[Event "World Rapid 2015"]
[Site "Berlin GER"]
[Date "2015.10.10"]
[Round "1.72"]
[White "Nikolic, Predrag"]
[Black "Ben Artzi, Ido"]
[Result "1-0"]
[WhiteElo "2603"]
[BlackElo "2419"]
[PlyCount "67"]
[EventDate "2015.10.10"]
[EventType "rapid"]

1. d4 Nf6 2. c4 g6 3. Nf3 Bg7 4. g3 d5 5. Bg2 dxc4 6. Na3 c3 7. bxc3 O-O 8. O-O
c5 9. Qb3 Nc6 10. Rd1 Qa5 11. Nc4 Qa6 12. d5 Na5 13. Nxa5 Qxa5 14. Ne5 Ng4 15.
Nxg4 Bxg4 16. Bd2 Bxe2 17. Re1 Qa6 18. d6 exd6 19. Bxb7 Qd3 20. Bxa8 Rxa8 21.
Rxe2 Qxe2 22. Qd5 Rf8 23. Re1 Qa6 24. Re7 c4 25. Bf4 Qxa2 26. Bxd6 Qb1+ 27. Kg2
Qd3 28. Qc6 h5 29. Re3 Rd8 30. Rxd3 cxd3 31. Qc7 Bf6 32. Be5 Bg5 33. Bf4 d2 34.
Bxg5 1-0

[Event "World Rapid 2015"]
[Site "Berlin GER"]
[Date "2015.10.10"]
[Round "1.73"]
[White "Osmanodja, Filiz"]
[Black "Grigoriants, Sergey"]
[Result "0-1"]
[WhiteElo "2291"]
[BlackElo "2603"]
[PlyCount "80"]
[EventDate "2015.10.10"]
[EventType "rapid"]

1. e4 c5 2. Nf3 e6 3. d4 cxd4 4. Nxd4 Nc6 5. Nc3 a6 6. Nxc6 bxc6 7. Bd3 d5 8.
O-O Nf6 9. Qe2 Be7 10. b3 O-O 11. Bb2 Bb7 12. Na4 Qc7 13. c4 dxc4 14. Bxc4 c5
15. f3 Nd7 16. Qe3 Bc6 17. Nc3 Rfd8 18. f4 Nb6 19. Be2 c4 20. Qg3 Bf8 21. bxc4
Bb7 22. Rac1 Nxc4 23. Na4 Bc6 24. Rxc4 Qb7 25. Bf6 Rd2 26. Nc3 Bb5 27. Rd4 Rxe2
28. Nxe2 Bxe2 29. Re1 Bb5 30. Kh1 Rc8 31. f5 exf5 32. exf5 Qb6 33. Bxg7 Bxg7
34. Rg4 Qf6 35. h4 h6 36. Rd1 Kh7 37. Rd6 Qa1+ 38. Kh2 Be5 39. Rg7+ Bxg7 40. f6
Bxf6 0-1

[Event "World Rapid 2015"]
[Site "Berlin GER"]
[Date "2015.10.10"]
[Round "1.74"]
[White "Agdestein, Simen"]
[Black "Cordeiro, Marco Aurelio Zaror"]
[Result "1-0"]
[WhiteElo "2606"]
[BlackElo "2228"]
[PlyCount "149"]
[EventDate "2015.10.10"]
[EventType "rapid"]

1. d4 Nf6 2. c4 e6 3. Nf3 Bb4+ 4. Nbd2 d5 5. g3 O-O 6. Bg2 b6 7. cxd5 exd5 8.
O-O Re8 9. Ne5 Bb7 10. Qa4 Bd6 11. Ndc4 Bxe5 12. Nxe5 Nbd7 13. Nxd7 Qxd7 14.
Qxd7 Nxd7 15. Be3 Nf6 16. Rfc1 c6 17. Rc2 h6 18. Bf4 g5 19. Be5 Ng4 20. Bd6 Re6
21. Bb4 Rae8 22. h3 Nf6 23. e3 Ne4 24. Rac1 f5 25. Bf3 Kg7 26. Bh5 Rc8 27. Be2
Ree8 28. g4 f4 29. exf4 gxf4 30. h4 Re6 31. f3 Ng3 32. Bd1 a5 33. Bd2 Rf8 34.
Kf2 h5 35. gxh5 Nf5 36. Be2 Rxe2+ 37. Kxe2 Nxd4+ 38. Kf2 Nxc2 39. Rxc2 c5 40.
Rc1 Rf5 41. Re1 Kf7 42. h6 Rf6 43. h7 Rh6 44. Bxf4 Rxh7 45. Bg5 Kf8 46. Re6 b5
47. Bh6+ Kf7 48. Rb6 Bc8 49. Bg5 Bd7 50. f4 d4 51. f5 c4 52. Rd6 Ke8 53. Rxd4
Bxf5 54. Rd8+ Kf7 55. Rd5 Bb1 56. a3 b4 57. Rxa5 bxa3 58. bxa3 Kg6 59. Rc5 Ra7
60. Bc1 Rf7+ 61. Ke3 Re7+ 62. Kf3 Be4+ 63. Kg4 Bd3 64. h5+ Kh7 65. Kg5 Rg7+ 66.
Kf6 Ra7 67. Ke5 Be2 68. h6 Kg6 69. Rc6+ Kh7 70. Kd6 Kg6 71. Kc5+ Kh7 72. Kb6
Ra8 73. Rc7+ Kh8 74. Bb2+ Kg8 75. h7+ 1-0